00377nam a2200145Ia 4500008004100000020001500041041001200056082001600068100001700084245007200101260002500173300000800198650001200206700001300218221030s9999 xx 000 0 und d a0074624032 aEnglish a105.23bSha aR. C. Sharma 0aBusiness Correspondence & Report Writingcby R. C. Sharma, K. Mohan bTMHaNew Delhic1999 a322 aEnglish aK. Mohan